| 000 | 00497cam a2200205ua 4500 | ||
|---|---|---|---|
| 001 | 315 | ||
| 008 | 150813n ii |||gr||||Z||||||asm | ||
| 020 | _a81-7339-282-X | ||
| 040 | _cMAIN | ||
| 041 | _aasm | ||
| 082 | _a301 | ||
| 245 |
_aSnatak mahalar samajtattawa parichay _cby Utpol Saikia |
||
| 250 | _a3rd. | ||
| 260 |
_aDibrugarh: _bBanalata, _c2007. |
||
| 300 |
_a344p: _c20cm. |
||
| 653 | _aSociology | ||
| 653 | _aSamajtatta parichaya | ||
| 700 |
_aSaikia, Utpol., _eAuthor. |
||
| 942 | _cBK | ||
| 999 |
_c266 _d266 |
||